[Event "NAYCC U14"]
[Site "Toronto CAN"]
[Date "2013.08.17"]
[Round "6"]
[White "Graif, William"]
[Black "Pillai, Kadhir A"]
[Result "1/2-1/2"]
[WhiteElo "2096"]
[BlackElo "2134"]
[PlyCount "63"]
[GameId "2160767909284116"]
[EventDate "2013.08.14"]
[EventType "swiss"]
[EventRounds "9"]
[EventCountry "CAN"]
[SourceTitle "EXT 2022"]
[Source "ChessBase"]
[SourceDate "2021.10.06"]
[SourceVersion "1"]
[SourceVersionDate "2021.10.06"]
[SourceQuality "1"]

1. e4 c6 2. d4 d5 3. Nc3 dxe4 4. Nxe4 Nd7 5. Ng5 Ngf6 6. Bd3 e6 7. N1f3 Bd6 8. Qe2 h6 9. Ne4 Nxe4 10. Qxe4 Qc7 11. O-O b6 12. Bd2 Bb7 13. Qg4 Kf8 14. Rfe1 c5 15. dxc5 Nxc5 16. Bc3 f6 17. Nh4 h5 18. Ng6+ Kg8 19. Qh3 Rh6 20. Rxe6 Nxd3 21. Qxd3 Bxh2+ 22. Kh1 Qf7 23. Re7 Qxg6 24. Qxg6 Rxg6 25. Rxb7 Be5 26. Bxe5 fxe5 27. Rd1 Rc8 28. c3 Rf8 29. f3 e4 30. fxe4 Rf2 31. Rd8+ Kh7 32. Rd5 1/2-1/2

[Event "NAYCC U14"]
[Site "Toronto CAN"]
[Date "2013.08.17"]
[Round "6"]
[White "Guo, Richard"]
[Black "Nitu, Vladimir"]
[Result "0-1"]
[WhiteElo "1766"]
[BlackElo "1446"]
[PlyCount "52"]
[GameId "2160767909284117"]
[EventDate "2013.08.14"]
[EventType "swiss"]
[EventRounds "9"]
[EventCountry "CAN"]

1. e4 e6 2. d4 d5 3. Nc3 Nf6 4. exd5 exd5 5. Nf3 Bd6 6. Bd3 Bg4 7. O-O O-O 8. Bg5 c6 9. h3 Bh5 10. Re1 Nbd7 11. Be2 Qc7 12. Ne5 Bxe2 13. Qxe2 Rfe8 14. Bxf6 Nxf6 15. f4 Re7 16. Qd3 Rae8 17. Rf1 Nd7 18. Nxd7 Qxd7 19. f5 Re3 20. Qd2 f6 21. Rf2 Qf7 22. Raf1 Qh5 23. Rf3 Qg5 24. Nd1 Rxf3 25. Qxg5 Rxf1+ 26. Kxf1 fxg5 0-1

[Event "NAYCC U14"]
[Site "Toronto CAN"]
[Date "2013.08.17"]
[Round "6"]
[White "Handigol, Abhishek"]
[Black "Zhong, Joey"]
[Result "1/2-1/2"]
[WhiteElo "2023"]
[BlackElo "1901"]
[PlyCount "49"]
[GameId "2160767909284118"]
[EventDate "2013.08.14"]
[EventType "swiss"]
[EventRounds "9"]
[EventCountry "CAN"]
[SourceTitle "EXT 2022"]
[Source "ChessBase"]
[SourceDate "2021.10.06"]
[SourceVersion "1"]
[SourceVersionDate "2021.10.06"]
[SourceQuality "1"]

1. e4 e6 2. d4 d5 3. Be3 dxe4 4. Nd2 Nf6 5. f3 Nd5 6. Qe2 Nc6 7. c3 exf3 8. Ngxf3 Bd6 9. O-O-O O-O 10. g4 Nce7 11. c4 Nxe3 12. Qxe3 c6 13. Kb1 Qc7 14. h4 c5 15. Ne4 Bf4 16. Qf2 cxd4 17. Nxd4 a6 18. g5 e5 19. Nc2 Bf5 20. Ng3 Bxg3 21. Qxg3 b5 22. Bd3 bxc4 23. Bxf5 Nxf5 24. Qg4 Nd6 25. g6 1/2-1/2

[Event "NAYCC U14"]
[Site "Toronto CAN"]
[Date "2013.08.17"]
[Round "6"]
[White "Huang, Patrick"]
[Black "Wang, Eric1"]
[Result "1/2-1/2"]
[WhiteElo "1632"]
[BlackElo "1870"]
[PlyCount "109"]
[GameId "2160767909284119"]
[EventDate "2013.08.14"]
[EventType "swiss"]
[EventRounds "9"]
[EventCountry "CAN"]
[SourceTitle "EXT 2022"]
[Source "ChessBase"]
[SourceDate "2021.10.06"]
[SourceVersion "1"]
[SourceVersionDate "2021.10.06"]
[SourceQuality "1"]

1. d4 Nf6 2. c4 e6 3. Nc3 b6 4. Bg5 h6 5. Bh4 Bb7 6. e3 Be7 7. Bd3 O-O 8. Nf3 c5 9. O-O cxd4 10. exd4 d5 11. cxd5 Nxd5 12. Nxd5 Bxd5 13. Bg3 Bd6 14. Ne5 Nc6 15. Bc2 Bxe5 16. dxe5 Nb4 17. Bb1 Bc4 18. Re1 Qxd1 19. Rxd1 Rad8 20. Be4 Nxa2 21. Rd6 Rc8 22. f3 Rc7 23. Be1 Bb3 24. Bd2 Rfc8 25. Kf2 Nc1 26. Rxc1 Rxc1 27. Bxc1 f5 28. Rc6 Rb8 29. Bc2 Bd5 30. Rc7 a5 31. Ba4 b5 32. Bc2 a4 33. Bd2 Bc4 34. Bb4 Rd8 35. Bxa4 Rd4 36. Bc3 Rd5 37. Bc2 g5 38. Rc6 Rd7 39. Rd6 Ra7 40. Rd1 Rc7 41. Ra1 h5 42. Bd4 Bd5 43. Bd3 b4 44. Ra7 Rc1 45. Re7 Rd1 46. Ke2 Rh1 47. h3 g4 48. hxg4 hxg4 49. Rd7 Rh2 50. Kf1 gxf3 51. gxf3 Rd2 52. Bxf5 Bc4+ 53. Ke1 Re2+ 54. Kd1 exf5 55. Rb7 1/2-1/2

[Event "NAYCC U14"]
[Site "Toronto CAN"]
[Date "2013.08.17"]
[Round "6"]
[White "Karp, Eli"]
[Black "D'Amore, Tyler"]
[Result "1/2-1/2"]
[WhiteElo "1843"]
[BlackElo "1036"]
[PlyCount "89"]
[GameId "2160767909284120"]
[EventDate "2013.08.14"]
[EventType "swiss"]
[EventRounds "9"]
[EventCountry "CAN"]
[SourceTitle "EXT 2022"]
[Source "ChessBase"]
[SourceDate "2021.10.06"]
[SourceVersion "1"]
[SourceVersionDate "2021.10.06"]
[SourceQuality "1"]

1. d4 Nf6 2. Nf3 e6 3. Bf4 c5 4. c3 Nc6 5. e3 Be7 6. h3 O-O 7. Bd3 d5 8. Nbd2 Qb6 9. Qb1 h6 10. Ne5 cxd4 11. exd4 Nxe5 12. Bxe5 Bd7 13. O-O Bb5 14. Bxb5 Qxb5 15. Nf3 Rac8 16. Bf4 Ne4 17. Ne5 a6 18. Re1 Nd6 19. a4 Qe8 20. Qd3 Nc4 21. Qg3 Kh8 22. Nxc4 Rxc4 23. Qe3 Bg5 24. Bxg5 hxg5 25. Qxg5 Rxa4 26. Rxa4 Qxa4 27. Qe7 Qe8 28. Qxb7 Qb8 29. Qe7 Kg8 30. Qa3 Qb5 31. Rb1 Rb8 32. b3 Qd3 33. Qb2 a5 34. Ra1 Rc8 35. Rc1 Rb8 36. Qb1 Qb5 37. b4 Qa4 38. Rc2 axb4 39. cxb4 g6 40. Rb2 Qa7 41. Qd1 Qb6 42. Qd2 Rc8 43. Rc2 Rxc2 44. Qxc2 Qxb4 45. Qd1 1/2-1/2

[Event "NAYCC U14"]
[Site "Toronto CAN"]
[Date "2013.08.17"]
[Round "6"]
[White "Katznelson, Roy"]
[Black "Lee, Stefano"]
[Result "0-1"]
[WhiteElo "998"]
[BlackElo "922"]
[PlyCount "66"]
[GameId "2160767909284121"]
[EventDate "2013.08.14"]
[EventType "swiss"]
[EventRounds "9"]
[EventCountry "CAN"]
[SourceTitle "EXT 2022"]
[Source "ChessBase"]
[SourceDate "2021.10.06"]
[SourceVersion "1"]
[SourceVersionDate "2021.10.06"]
[SourceQuality "1"]

1. d4 c6 2. e4 d5 3. Nc3 dxe4 4. Nxe4 Bf5 5. Ng3 Bg6 6. h4 h6 7. Nf3 Nf6 8. Bd3 Bxd3 9. Qxd3 e6 10. Be3 Bd6 11. O-O-O Nbd7 12. Ne2 a5 13. h5 a4 14. a3 b5 15. Bf4 Nb6 16. Ne5 Qc7 17. Qg3 Rg8 18. f3 Nfd5 19. Bxh6 f6 20. f4 fxe5 21. fxe5 Bf8 22. Qg6+ Qf7 23. Qxf7+ Kxf7 24. Bg5 Be7 25. Rdf1+ Ke8 26. Bxe7 Kxe7 27. Rf3 Raf8 28. Rg3 Rf2 29. Nc3 Nxc3 30. bxc3 Nc4 31. h6 Kf7 32. h7 Rh8 33. Rh4 Rf1# 0-1

[Event "NAYCC U14"]
[Site "Toronto CAN"]
[Date "2013.08.17"]
[Round "6"]
[White "Lei, Sean"]
[Black "Aghamalian, Derick"]
[Result "0-1"]
[WhiteElo "1310"]
[BlackElo "1722"]
[PlyCount "198"]
[GameId "2160767909284122"]
[EventDate "2013.08.14"]
[EventType "swiss"]
[EventRounds "9"]
[EventCountry "CAN"]
[SourceTitle "EXT 2022"]
[Source "ChessBase"]
[SourceDate "2021.10.06"]
[SourceVersion "1"]
[SourceVersionDate "2021.10.06"]
[SourceQuality "1"]

1. e4 c5 2. Nf3 d6 3. c3 Nf6 4. Be2 g6 5. O-O Bg7 6. Re1 Nc6 7. d4 O-O 8. d5 Nb8 9. Bf1 Bg4 10. h3 Bxf3 11. Qxf3 Nbd7 12. Bf4 Nh5 13. Bh2 Ne5 14. Qe3 a6 15. Nd2 b5 16. Be2 Nf6 17. Bxe5 dxe5 18. Nf3 Nd7 19. Qd2 Nb6 20. Rad1 Qd6 21. Qc2 c4 22. b3 Rac8 23. bxc4 Nxc4 24. a4 Rc5 25. axb5 axb5 26. Qb3 Rb8 27. Ra1 Qc7 28. Rec1 Bh6 29. Rc2 f6 30. Bd3 Kh8 31. Qb4 Nd6 32. Raa2 Rc8 33. Ra3 Qb6 34. Rca2 R5c7 35. Ra6 Qc5 36. R2a5 Qxc3 37. Qxc3 Rxc3 38. Bxb5 Rc1+ 39. Kh2 Nxe4 40. Bd7 Bf4+ 41. g3 Bxg3+ 42. Kg2 R8c2 43. Ra2 Rxf2+ 44. Rxf2 Bxf2 45. Ra4 Bd4 46. Nxd4 exd4 47. Rxd4 Nd6 48. Rd2 Kg7 49. Re2 Kf7 50. Be6+ Kf8 51. Rb2 Rc7 52. Kf3 Rb7 53. Ra2 Rb3+ 54. Kg4 f5+ 55. Kg5 Nf7+ 56. Kf4 Rxh3 57. Ra7 Rh4+ 58. Kg3 Rg4+ 59. Kf2 Rf4+ 60. Kg3 Rd4 61. Ra8+ Kg7 62. Re8 f4+ 63. Kf2 Ng5 64. Rxe7+ Kf6 65. Ra7 Nxe6 66. dxe6 Kxe6 67. Rxh7 Rd7 68. Rh8 Kf5 69. Rb8 Kg4 70. Rb2 Rh7 71. Kg1 Rh3 72. Kf1 g5 73. Rb4 Rf3+ 74. Kg2 Rc3 75. Rb2 f3+ 76. Kh2 Rc4 77. Rd2 Re4 78. Kg1 Kg3 79. Rg2+ Kf4 80. Rd2 Re2 81. Rd5 g4 82. Rd4+ Kg3 83. Kf1 Rh2 84. Ke1 f2+ 85. Ke2 Rh1 86. Rxg4+ Kxg4 87. Kxf2 Rh3 88. Ke2 Kf4 89. Kd2 Ke4 90. Kc2 Kd4 91. Kb2 Kc4 92. Ka2 Kb4 93. Kb2 Rh2+ 94. Kc1 Kc3 95. Kd1 Ra2 96. Ke1 Kd3 97. Kf1 Ke3 98. Kg1 Kf3 99. Kh1 Kg3 0-1

[Event "NAYCC U14"]
[Site "Toronto CAN"]
[Date "2013.08.17"]
[Round "6"]
[White "Luo, Alan"]
[Black "Dommalapati, Abhinay"]
[Result "0-1"]
[WhiteElo "1479"]
[BlackElo "1945"]
[PlyCount "78"]
[GameId "2160767909284123"]
[EventDate "2013.08.14"]
[EventType "swiss"]
[EventRounds "9"]
[EventCountry "CAN"]
[SourceTitle "EXT 2022"]
[Source "ChessBase"]
[SourceDate "2021.10.06"]
[SourceVersion "1"]
[SourceVersionDate "2021.10.06"]
[SourceQuality "1"]

1. e4 e6 2. d4 d5 3. exd5 exd5 4. c4 Nf6 5. Nc3 c6 6. Nf3 h6 7. Be2 Be6 8. Qb3 Qc7 9. O-O Be7 10. Ne5 O-O 11. Bf4 dxc4 12. Bxc4 Bxc4 13. Qxc4 Bd6 14. Bg3 Nbd7 15. Rae1 Nb6 16. Qb3 Nbd5 17. Nxd5 Nxd5 18. Nc4 Bxg3 19. fxg3 Rad8 20. Re4 Rfe8 21. Rg4 Qe7 22. h3 Ne3 23. Nxe3 Qxe3+ 24. Qxe3 Rxe3 25. Rf3 Rde8 26. Rgf4 f6 27. Rxe3 Rxe3 28. Kf2 Rd3 29. Ke1 Rxg3 30. Kf2 Rg5 31. Re4 Kf7 32. a3 Rb5 33. Re2 Rb3 34. Ke1 Rd3 35. Rd2 Rxd2 36. Kxd2 Ke6 37. Ke3 g6 38. g3 f5 39. b3 Kd5 0-1

[Event "NAYCC U14"]
[Site "Toronto CAN"]
[Date "2013.08.17"]
[Round "6"]
[White "Roque Sola, Jose Luis"]
[Black "Sirkovich, Daniel"]
[Result "1-0"]
[WhiteElo "1747"]
[BlackElo "1768"]
[PlyCount "49"]
[GameId "2160767909284124"]
[EventDate "2013.08.14"]
[EventType "swiss"]
[EventRounds "9"]
[EventCountry "CAN"]
[SourceTitle "EXT 2022"]
[Source "ChessBase"]
[SourceDate "2021.10.06"]
[SourceVersion "1"]
[SourceVersionDate "2021.10.06"]
[SourceQuality "1"]

1. e4 c5 2. Nf3 d6 3. d4 cxd4 4. Nxd4 Nf6 5. Nc3 g6 6. Be3 Bg7 7. f3 O-O 8. Qd2 Nc6 9. Bc4 Bd7 10. O-O-O Rc8 11. Bb3 a6 12. g4 Ne5 13. Bh6 Nc4 14. Bxc4 Rxc4 15. Bxg7 Kxg7 16. h4 Qc7 17. h5 b5 18. hxg6 fxg6 19. Nd5 Nxd5 20. exd5 Rh8 21. Qg5 Kf7 22. Rhe1 Re8 23. Qh6 Rh8 24. Qf4+ Ke8 25. Qf6 1-0

[Event "NAYCC U14"]
[Site "Toronto CAN"]
[Date "2013.08.17"]
[Round "6"]
[White "Saha, Ananda"]
[Black "Yu, Wenlu"]
[Result "0-1"]
[WhiteElo "1806"]
[BlackElo "2002"]
[PlyCount "105"]
[GameId "2160767909284125"]
[EventDate "2013.08.14"]
[EventType "swiss"]
[EventRounds "9"]
[EventCountry "CAN"]
[SourceTitle "EXT 2022"]
[Source "ChessBase"]
[SourceDate "2021.10.06"]
[SourceVersion "1"]
[SourceVersionDate "2021.10.06"]
[SourceQuality "1"]

1. d4 Nf6 2. c4 g6 3. Nc3 d5 4. cxd5 Nxd5 5. e4 Nxc3 6. bxc3 Bg7 7. Nf3 c5 8. Rb1 O-O 9. Be2 cxd4 10. cxd4 Qa5+ 11. Qd2 Qxd2+ 12. Bxd2 b6 13. d5 Rd8 14. O-O Nd7 15. Bb4 Re8 16. Rfc1 a6 17. Rc7 Kf8 18. Rbc1 Bb2 19. R1c2 Bf6 20. R2c6 b5 21. Bc3 Bxc3 22. Rxc3 Nf6 23. Nd2 Bd7 24. f4 Rec8 25. Bf3 Ne8 26. Rxc8 Rxc8 27. Rxc8 Bxc8 28. e5 Ng7 29. Kf2 Ke8 30. g4 h5 31. h3 Kd8 32. Ke3 Kc7 33. Kd4 hxg4 34. hxg4 Ne8 35. Kc5 f5 36. gxf5 Bxf5 37. Ne4 Ng7 38. Ng5 Nh5 39. Bxh5 gxh5 40. Nf3 Bd3 41. Nh4 a5 42. a3 b4 43. axb4 a4 44. d6+ exd6+ 45. exd6+ Kd7 46. Nf3 a3 47. Ne5+ Kd8 48. Nf7+ Ke8 49. d7+ Kxd7 50. Ne5+ Kc7 51. Nxd3 a2 52. f5 a1=Q 53. Nf4 0-1

[Event "NAYCC U14"]
[Site "Toronto CAN"]
[Date "2013.08.17"]
[Round "6"]
[White "Song, Eric"]
[Black "Zhang, Jeff"]
[Result "1-0"]
[WhiteElo "1759"]
[BlackElo "1439"]
[PlyCount "59"]
[GameId "2160767909284126"]
[EventDate "2013.08.14"]
[EventType "swiss"]
[EventRounds "9"]
[EventCountry "CAN"]
[SourceTitle "EXT 2022"]
[Source "ChessBase"]
[SourceDate "2021.10.06"]
[SourceVersion "1"]
[SourceVersionDate "2021.10.06"]
[SourceQuality "1"]

1. e4 c5 2. Nf3 Nc6 3. d4 cxd4 4. Nxd4 g6 5. Nc3 Bg7 6. Be3 Nf6 7. Be2 O-O 8. O-O d6 9. Qd2 Nxd4 10. Bxd4 Be6 11. f4 Qa5 12. Bf3 Qb4 13. Rfd1 Rfd8 14. a4 Bd7 15. Bxf6 Bxf6 16. Nd5 Qc5+ 17. Kh1 Kg7 18. b4 Qc4 19. Nxf6 Kxf6 20. e5+ dxe5 21. fxe5+ Kg7 22. Bd5 Qc7 23. Qf4 Be6 24. Bxe6 fxe6 25. Rxd8 Rxd8 26. Rf1 Qd7 27. Qf7+ Kh8 28. h4 Rc8 29. h5 Rc4 30. Qf8# 1-0

[Event "NAYCC U14"]
[Site "Toronto CAN"]
[Date "2013.08.17"]
[Round "6"]
[White "Tanenbaum, Zachary Chen"]
[Black "Michelashvili, Alexandre"]
[Result "1-0"]
[WhiteElo "2143"]
[BlackElo "1759"]
[PlyCount "129"]
[GameId "2160767909284127"]
[EventDate "2013.08.14"]
[EventType "swiss"]
[EventRounds "9"]
[EventCountry "CAN"]
[SourceTitle "EXT 2022"]
[Source "ChessBase"]
[SourceDate "2021.10.06"]
[SourceVersion "1"]
[SourceVersionDate "2021.10.06"]
[SourceQuality "1"]

1. e4 e5 2. Nf3 Nc6 3. Bc4 Bc5 4. c3 Nf6 5. d4 exd4 6. O-O Nxe4 7. cxd4 Be7 8. d5 Na5 9. Bd3 Nf6 10. b4 Bxb4 11. Qa4 Nxd5 12. a3 Be7 13. Qxa5 Nf6 14. Re1 O-O 15. Nc3 d6 16. Nb5 b6 17. Qc3 c5 18. Qc2 Bb7 19. Ng5 h6 20. Ne4 d5 21. Ng3 c4 22. Bf1 Bc5 23. Bb2 a6 24. Nd4 b5 25. Ngf5 Ne4 26. Nxg7 Qf6 27. Ndf5 Qg6 28. Bd4 Bxd4 29. Nxd4 Qxg7 30. Rad1 Qf6 31. f3 Nd6 32. Qc3 Nf5 33. Nxb5 Qxc3 34. Nxc3 Rad8 35. Re5 d4 36. Rxf5 dxc3 37. Rc1 Rd5 38. Rxd5 Bxd5 39. Rxc3 Rb8 40. Kf2 Re8 41. Rc2 Rc8 42. Ke3 Be6 43. Kd4 Rd8+ 44. Kc3 Rc8 45. Rd2 Rc5 46. a4 a5 47. Rd4 h5 48. Bxc4 Bxc4 49. Rxc4 Rg5 50. g3 Kf8 51. Kd4 Rg6 52. Rc5 Rf6 53. f4 h4 54. Rxa5 hxg3 55. hxg3 Rg6 56. Rg5 Ra6 57. a5 Ke7 58. Kc4 f6 59. Rh5 Kd6 60. Kb5 Ra8 61. Kb6 Rg8 62. a6 Rxg3 63. a7 Rb3+ 64. Rb5 Ra3 65. Kb7 1-0

[Event "NAYCC U14"]
[Site "Toronto CAN"]
[Date "2013.08.17"]
[Round "6"]
[White "Valdez Torres, Nestor Josue"]
[Black "Ye, Hanyuan"]
[Result "1-0"]
[WhiteElo "1903"]
[BlackElo "1971"]
[PlyCount "99"]
[GameId "2160767909284128"]
[EventDate "2013.08.14"]
[EventType "swiss"]
[EventRounds "9"]
[EventCountry "CAN"]
[SourceTitle "EXT 2022"]
[Source "ChessBase"]
[SourceDate "2021.10.06"]
[SourceVersion "1"]
[SourceVersionDate "2021.10.06"]
[SourceQuality "1"]

1. d4 e6 2. c4 Nf6 3. Nf3 b6 4. g3 Bb7 5. Bg2 Bb4+ 6. Bd2 Qe7 7. O-O O-O 8. Nc3 d6 9. a3 Bxc3 10. Bxc3 Ne4 11. Qc2 Nd7 12. e3 f5 13. Rad1 Ndf6 14. Rfe1 Rad8 15. Re2 a5 16. Nd2 Nxc3 17. Qxc3 Bxg2 18. Kxg2 e5 19. Nf3 e4 20. Ng1 d5 21. Rc1 Rc8 22. Rec2 Qf7 23. c5 Qe6 24. Nh3 Ra8 25. Nf4 Qd7 26. cxb6 cxb6 27. Qb3 Rfc8 28. Rxc8+ Rxc8 29. Rxc8+ Qxc8 30. Qxb6 Qc2 31. Qe6+ Kf8 32. Qd6+ Kf7 33. Qe6+ Kf8 34. Qxf5 Qxb2 35. Qc8+ Ne8 36. Qc5+ Kf7 37. Qxd5+ Ke7 38. Qxe4+ Kf8 39. Qf5+ Nf6 40. Qxa5 Qb7+ 41. d5 Qd7 42. Qa8+ Kf7 43. Qc6 Qa7 44. a4 Qa5 45. d6 Qd2 46. Qc7+ Kg8 47. Qd8+ Kf7 48. Qe7+ Kg8 49. a5 Qc2 50. Qd8+ 1-0

[Event "NAYCC U14"]
[Site "Toronto CAN"]
[Date "2013.08.17"]
[Round "6"]
[White "Yanchev, Venelin"]
[Black "Forsyth, Dane"]
[Result "0-1"]
[WhiteElo "550"]
[BlackElo "1180"]
[PlyCount "54"]
[GameId "2160767909284129"]
[EventDate "2013.08.14"]
[EventType "swiss"]
[EventRounds "9"]
[EventCountry "CAN"]

1. d4 Nf6 2. e3 e6 3. c4 d5 4. c5 b6 5. Bb5+ Bd7 6. Qa4 bxc5 7. Ne2 c4 8. Nbc3 c6 9. Ba6 Nxa6 10. Qxa6 Qc7 11. b3 cxb3 12. axb3 Bd6 13. g3 O-O 14. O-O e5 15. dxe5 Bxe5 16. f4 Bd6 17. Ra4 Rfe8 18. Qd3 Bh3 19. Re1 Qd7 20. e4 Bc5+ 21. Nd4 dxe4 22. Nxe4 Nxe4 23. Rxe4 Rxe4 24. Qxe4 Re8 25. Qc2 Bxd4+ 26. Rxd4 Qxd4+ 27. Kh1 Re1# 0-1

[Event "NAYCC U14"]
[Site "Toronto CAN"]
[Date "2013.08.17"]
[Round "6"]
[White "Yaskolko, Alexander"]
[Black "D'Alonzo, Joseph"]
[Result "1-0"]
[WhiteElo "1720"]
[BlackElo "1228"]
[PlyCount "69"]
[GameId "2160767909284131"]
[EventDate "2013.08.14"]
[EventType "swiss"]
[EventRounds "9"]
[EventCountry "CAN"]
[SourceTitle "EXT 2022"]
[Source "ChessBase"]
[SourceDate "2021.10.06"]
[SourceVersion "1"]
[SourceVersionDate "2021.10.06"]
[SourceQuality "1"]

1. e4 e6 2. d4 d5 3. Nc3 Nf6 4. Bg5 Be7 5. e5 Nfd7 6. Bxe7 Qxe7 7. f4 O-O 8. Nf3 c5 9. Qd2 Nc6 10. dxc5 Qxc5 11. O-O-O Ne7 12. g4 Ng6 13. a3 a6 14. h4 f6 15. h5 Nxf4 16. Na4 Qc6 17. Qxf4 fxe5 18. Qb4 Rxf3 19. h6 g6 20. Bd3 e4 21. Be2 Rf7 22. Rhf1 Ne5 23. Qd4 Qd6 24. Nb6 Rb8 25. Rxf7 Kxf7 26. Rf1+ Ke7 27. Qf2 Bd7 28. Qf6+ Ke8 29. Qh8+ Ke7 30. Qxh7+ Kd8 31. Nxd7 Qxd7 32. Rf8+ Kc7 33. Qxd7+ Nxd7 34. Rxb8 Kxb8 35. h7 1-0

[Event "NAYCC U14"]
[Site "Toronto CAN"]
[Date "2013.08.17"]
[Round "7"]
[White "Bellissimo, Joseph"]
[Black "Valdez Torres, Nestor Josue"]
[Result "1/2-1/2"]
[WhiteElo "1999"]
[BlackElo "1903"]
[PlyCount "60"]
[GameId "2160767909284132"]
[EventDate "2013.08.14"]
[EventType "swiss"]
[EventRounds "9"]
[EventCountry "CAN"]
[SourceTitle "EXT 2022"]
[Source "ChessBase"]
[SourceDate "2021.10.06"]
[SourceVersion "1"]
[SourceVersionDate "2021.10.06"]
[SourceQuality "1"]

1. e4 c5 2. c3 d6 3. d4 cxd4 4. cxd4 Nf6 5. Nc3 e6 6. Nf3 Be7 7. Be2 O-O 8. Be3 Nc6 9. O-O a6 10. Rc1 Ng4 11. Qd2 Nxe3 12. fxe3 Bf6 13. Rfd1 Qb6 14. Na4 Qa7 15. b3 Rd8 16. Nb2 Bd7 17. Nd3 g6 18. Kh1 Rac8 19. Nb4 Bg7 20. Bd3 Bh6 21. Nxc6 Rxc6 22. Rxc6 Bxc6 23. Re1 Bd7 24. Qb4 Qa8 25. h3 a5 26. Qb6 Bc6 27. Nd2 Rd7 28. Nc4 a4 29. b4 Bg5 30. Qa5 Qxa5 1/2-1/2

[Event "NAYCC U14"]
[Site "Toronto CAN"]
[Date "2013.08.17"]
[Round "7"]
[White "Cheung, Lukas"]
[Black "Baskaran, Karthik"]
[Result "1-0"]
[WhiteElo "1604"]
[BlackElo "1382"]
[PlyCount "75"]
[GameId "2160767909284133"]
[EventDate "2013.08.14"]
[EventType "swiss"]
[EventRounds "9"]
[EventCountry "CAN"]
[SourceTitle "hb 2013"]

1. d4 d5 2. c4 e6 3. Nc3 c6 4. Bf4 Bd6 5. Bxd6 Qxd6 6. c5 Qc7 7. b4 Nf6 8. Nf3 Nbd7 9. e3 e5 10. Be2 exd4 11. exd4 O-O 12. O-O Re8 13. Bd3 Nf8 14. h3 Ng6 15. Qd2 Nf4 16. Bc2 h6 17. Ne5 Ne6 18. Ne2 Nxd4 19. Nxd4 Rxe5 20. f4 Re8 21. g4 Ne4 22. Rae1 Bd7 23. Bxe4 dxe4 24. Qg2 a5 25. g5 hxg5 26. fxg5 axb4 27. g6 f6 28. Qf2 Ra3 29. Nb3 Qe5 30. Qh4 Qg5+ 31. Qxg5 fxg5 32. Rf7 Bxh3 33. Rxb7 Bf5 34. Rxb4 Bxg6 35. Nd4 Rxa2 36. Nxc6 Rc8 37. Ne7+ Kf7 38. Nxc8 1-0

[Event "NAYCC U14"]
[Site "Toronto CAN"]
[Date "2013.08.17"]
[Round "7"]
[White "D'Alonzo, Joseph"]
[Black "Lee, Stefano"]
[Result "0-1"]
[WhiteElo "1228"]
[BlackElo "922"]
[PlyCount "40"]
[GameId "2160767909284134"]
[EventDate "2013.08.14"]
[EventType "swiss"]
[EventRounds "9"]
[EventCountry "CAN"]
[SourceTitle "hb 2013"]

1. e4 c6 2. d4 d5 3. exd5 cxd5 4. Bd3 Nc6 5. Nf3 Bg4 6. c3 Nf6 7. O-O e6 8. Bf4 Be7 9. Nbd2 O-O 10. h3 Bh5 11. Re1 Qb6 12. Rb1 Rac8 13. Nf1 Ne4 14. N1d2 f5 15. Qc2 Nb4 16. Qd1 Nxd3 17. Be5 Nxe1 18. Qxe1 Bxf3 19. Nxf3 Ng5 20. Nd2 f4 0-1

[Event "NAYCC U14"]
[Site "Toronto CAN"]
[Date "2013.08.17"]
[Round "7"]
[White "D'Amore, Tyler"]
[Black "Ye, Hanyuan"]
[Result "0-1"]
[WhiteElo "1036"]
[BlackElo "1971"]
[PlyCount "140"]
[GameId "2160767909284135"]
[EventDate "2013.08.14"]
[EventType "swiss"]
[EventRounds "9"]
[EventCountry "CAN"]
[SourceTitle "hb 2013"]

1. e4 e6 2. d4 d5 3. Nc3 Nf6 4. e5 Nfd7 5. f4 c5 6. Nf3 Nc6 7. Be3 cxd4 8. Nxd4 Bc5 9. Qd2 Nxd4 10. Bxd4 Bxd4 11. Qxd4 Qb6 12. Qxb6 Nxb6 13. Bb5+ Bd7 14. Bxd7+ Kxd7 15. O-O-O Rac8 16. Nb5 Rc4 17. Nd6 Rxf4 18. Nxb7 Nc4 19. Nc5+ Kc6 20. Nd3 Rf5 21. Rhf1 Ne3 22. Rxf5 Nxf5 23. g4 Ne3 24. Rg1 Rc8 25. Rg3 d4 26. Rf3 Rc7 27. h3 Kd5 28. Rf2 a5 29. a3 g5 30. b4 a4 31. Kb1 Nc4 32. Ka2 Nxe5 33. Nxe5 Kxe5 34. Kb2 Ke4 35. Rf6 Ke5 36. Rf2 f6 37. Rf1 Rc3 38. Re1+ Kd6 39. Rh1 f5 40. gxf5 exf5 41. Rg1 h6 42. Rf1 Ke5 43. Re1+ Kd5 44. Rf1 Ke4 45. b5 Rc5 46. Re1+ Kf4 47. Rf1+ Ke5 48. Re1+ Kf6 49. Kc1 Rxb5 50. Rd1 Ke5 51. Re1+ Kd5 52. Re8 Ra5 53. Rd8+ Ke4 54. Re8+ Kf4 55. Rd8 Kg3 56. Rxd4 Kxh3 57. Rd3+ Kg4 58. c4 Rc5 59. Rc3 f4 60. Kd2 Re5 61. c5 f3 62. Rc4+ Kg3 63. Rc3 Kg2 64. c6 f2 65. c7 Re8 66. c8=Q Rxc8 67. Rxc8 f1=Q 68. Rc1 Qxc1+ 69. Kxc1 h5 70. Kd2 h4 0-1

[Event "NAYCC U14"]
[Site "Toronto CAN"]
[Date "2013.08.17"]
[Round "7"]
[White "Doknjas, John"]
[Black "Graif, William"]
[Result "1-0"]
[WhiteElo "2086"]
[BlackElo "2096"]
[PlyCount "39"]
[GameId "2160767909284136"]
[EventDate "2013.08.14"]
[EventType "swiss"]
[EventRounds "9"]
[EventCountry "CAN"]
[SourceTitle "hb 2013"]

1. d4 Nf6 2. c4 e6 3. Nc3 Bb4 4. e3 Bxc3+ 5. bxc3 b6 6. Bd3 Bb7 7. f3 c5 8. Ne2 Nc6 9. e4 d6 10. O-O e5 11. d5 Na5 12. Ng3 h6 13. f4 exf4 14. Bxf4 g5 15. Bd2 Nd7 16. Rxf7 Ne5 17. Rg7 Kf8 18. Nh5 Nf7 19. Qf3 Qe7 20. Rf1 1-0

[Event "NAYCC U14"]
[Site "Toronto CAN"]
[Date "2013.08.17"]
[Round "7"]
[White "Dommalapati, Abhinay"]
[Black "Karp, Eli"]
[Result "1-0"]
[WhiteElo "1945"]
[BlackElo "1843"]
[PlyCount "63"]
[GameId "2160767909284137"]
[EventDate "2013.08.14"]
[EventType "swiss"]
[EventRounds "9"]
[EventCountry "CAN"]
[SourceTitle "EXT 2022"]
[Source "ChessBase"]
[SourceDate "2021.10.06"]
[SourceVersion "1"]
[SourceVersionDate "2021.10.06"]
[SourceQuality "1"]

1. d4 Nf6 2. c4 c5 3. e3 e6 4. Nf3 Nc6 5. Be2 cxd4 6. exd4 d5 7. O-O Bd6 8. Nc3 O-O 9. Bg5 dxc4 10. Bxc4 Be7 11. Re1 h6 12. Bh4 g5 13. Bg3 Bb4 14. a3 Bxc3 15. bxc3 Nd5 16. Qd2 f5 17. Be5 Nxe5 18. Nxe5 a6 19. h4 b5 20. Bd3 Nf4 21. Bc2 Bb7 22. f3 Rc8 23. Bb3 Bd5 24. Bxd5 Nxd5 25. Rac1 f4 26. Qd3 Rf5 27. Ng4 Qf8 28. Rxe6 Qxa3 29. Qxf5 Qxc1+ 30. Kh2 Ne3 31. Rg6+ Kh8 32. Qf6+ 1-0

[Event "NAYCC U14"]
[Site "Toronto CAN"]
[Date "2013.08.17"]
[Round "7"]
[White "Hua, Justin"]
[Black "Balachandran, Shesan"]
[Result "0-1"]
[WhiteElo "1210"]
[BlackElo "1227"]
[PlyCount "48"]
[GameId "2160767909284138"]
[EventDate "2013.08.14"]
[EventType "swiss"]
[EventRounds "9"]
[EventCountry "CAN"]
[SourceTitle "hb 2013"]

1. e4 e5 2. Nf3 Nc6 3. Bc4 Bc5 4. d3 Nge7 5. Nc3 O-O 6. O-O d6 7. Be3 Bb6 8. Qd2 Bxe3 9. fxe3 Na5 10. Bb3 Nxb3 11. axb3 h6 12. d4 f5 13. dxe5 fxe4 14. Nxe4 dxe5 15. Qxd8 Rxd8 16. Nxe5 Nf5 17. Rf3 Re8 18. Nf6+ gxf6 19. Ng4 Kf7 20. Re1 h5 21. Nf2 Nd6 22. e4 Bf5 23. Rf4 Re7 24. Kf1 Rae8 0-1